000
00267nam a2200109Ia 4500
001
1263275
005
20260417141902.0
008
260417s9999 xx 000 0 und d
020
_a
9789752897175
245
0
_a
Dünya Evi
_c
Orhan Kemal
260
_b
Everest Yayınları
999
_c
1263275
_d
1263275